| 000 | 00418nab a2200145Ia 4500 | ||
|---|---|---|---|
| 003 | ES-SlBCS | ||
| 005 | 20210601141040.0 | ||
| 008 | 140529s1971 xxu||||| |||| 00| 0 spa d | ||
| 041 | _aspa | ||
| 100 | 1 |
_aTrejo, Wonfilio _981134 |
|
| 245 | 0 | 0 |
_aSobre la definición de fenomenalismo _c Wonfilio Trejo |
| 650 | 0 | 4 |
_aFenomenalismo _9132949 |
| 773 | 0 |
_tDianoia _gvol. 17, nº. 17, 1971, págs. 62-88 _wRev1805 |
|
| 942 | _cAR | ||
| 999 |
_c654333 _d654333 |
||